Score 0/23 Timer 03:00
9 Plays Today
Artist Missing Word % Correct
____ StreisandBarbra
98%
Bee ____Gees
97.5%
Earth, ____ & FireWind
96.2%
The ____ 5Jackson
95.5%
____ DiamondNeil
95.3%
____ WonderStevie
94.8%
____ JohnElton
94.4%
____ SimonPaul
91.9%
Diana ____Ross
91.6%
Neil ____Young
90.4%
____ SummerDonna
90%
____ MacFleetwood
85.9%
Artist Missing Word % Correct
Donny ____Osmond
85.6%
Barry ____Manilow
84.3%
____ and the Sunshine BandKC
83.8%
John ____Lennon
83.6%
George ____Harrison
83.2%
Eric ____Clapton
81.4%
____ GibbAndy
80.6%
____ HayesIsaac
77.1%
____ Orlando and DawnTony
68.4%
____ McCoy and the Soul City SymphonyVan
45.7%
Love ____ OrchestraUnlimited
29.5%

Today's Daily Dose

You're not logged in!

Compare scores with friends on all Sporcle quizzes.
OR
Log In

Sporcle TV

Today on Sporcle TV


Watch our educational content, quiz creation guides, and fun videos on Sporcle TV.

Show Comments

Extras

Top Quizzes Today


Score Distribution

Paid Content

Your Account Isn't Verified!

In order to create a playlist on Sporcle, you need to verify the email address you used during registration. Go to your Sporcle Settings to finish the process.

Report this User

Report this user for behavior that violates our Community Guidelines.

Details: